000 00298nam a22001337a 4500
008 180105b xxu||||| |||| 00| 0 eng d
020 _a9780073402062
041 _aeng
080 _a34
100 _a14
101 _aJUR
245 _aLAW&ETHICS FOR MEDICAL CAREERS
_cJUDSON,K
942 _2udc
_cBK
999 _c39816
_d39816